<?xml version="1.0" encoding="UTF-8"?><?xml-stylesheet type="text/xsl" href="static/style.xsl"?><OAI-PMH xmlns="http://www.openarchives.org/OAI/2.0/" xmlns:xsi="http://www.w3.org/2001/XMLSchema-instance" xsi:schemaLocation="http://www.openarchives.org/OAI/2.0/ http://www.openarchives.org/OAI/2.0/OAI-PMH.xsd"><responseDate>2026-04-28T21:22:09Z</responseDate><request verb="GetRecord" identifier="oai:uvadoc.uva.es:10324/6500" metadataPrefix="marc">https://uvadoc.uva.es/oai/request</request><GetRecord><record><header><identifier>oai:uvadoc.uva.es:10324/6500</identifier><datestamp>2021-06-19T10:13:41Z</datestamp><setSpec>com_10324_38</setSpec><setSpec>col_10324_785</setSpec></header><metadata><record xmlns="http://www.loc.gov/MARC21/slim" xmlns:doc="http://www.lyncode.com/xoai" xmlns:xsi="http://www.w3.org/2001/XMLSchema-instance" xmlns:dcterms="http://purl.org/dc/terms/" xsi:schemaLocation="http://www.loc.gov/MARC21/slim http://www.loc.gov/standards/marcxml/schema/MARC21slim.xsd">
<leader>00925njm 22002777a 4500</leader>
<datafield tag="042" ind1=" " ind2=" ">
<subfield code="a">dc</subfield>
</datafield>
<datafield tag="720" ind1=" " ind2=" ">
<subfield code="a">Gregorio Cabrero, Raúl</subfield>
<subfield code="e">author</subfield>
</datafield>
<datafield tag="260" ind1=" " ind2=" ">
<subfield code="c">2013</subfield>
</datafield>
<datafield tag="520" ind1=" " ind2=" ">
<subfield code="a">La necesidad de que las empresas tengan en cuenta criterios de ética y de responsabilidad social en sus actuaciones diarias parece estar ampliamente aceptado. Los factores que han contribuido a esta nueva forma de entender la actividad empresarial son muchos: las demandas sociales, que piden a las empresas que tengan en cuenta otros aspectos al valorar sus acciones; el impacto de las nuevas tecnologías, que provocan una mayor transparencia en la información, el debate en el mundo académico sobre la naturaleza y el fin de la empresa, las propuestas de los organismos internacionales y de la sociedad civil, la propia reflexión de la comunidad empresarial sobre su papel en el desarrollo de la sociedad.</subfield>
</datafield>
<datafield tag="024" ind2=" " ind1="8">
<subfield code="a">http://uvadoc.uva.es/handle/10324/6500</subfield>
</datafield>
<datafield ind1=" " ind2=" " tag="653">
<subfield code="a">Empresas-Responsabilidad social-Trabajo Fin de Máster</subfield>
</datafield>
<datafield tag="245" ind1="0" ind2="0">
<subfield code="a">Herramientas de gestión para la responsabilidad social corporativa: ruta a la sostenibilidad</subfield>
</datafield>
</record></metadata></record></GetRecord></OAI-PMH>